[Event "CAN-op"]
[Site "Edmonton CAN"]
[Date "2005.07.16"]
[Round "9"]
[White "Pivovarov, Juraj"]
[Black "Milne, Arthur"]
[Result "0-1"]
[WhiteElo "1615"]
[BlackElo "1876"]
[PlyCount "80"]
[GameId "2160767910902152"]
[EventDate "2005.07.09"]
[EventType "swiss"]
[EventRounds "10"]
[EventCountry "CAN"]
[SourceTitle "CBM 107 Extra"]
[Source "ChessBase"]
[SourceDate "2005.09.01"]
[SourceVersion "1"]
[SourceVersionDate "2005.09.01"]
[SourceQuality "1"]

1. c4 e5 2. Nc3 Bb4 3. Nd5 Be7 4. Nf3 Nc6 5. e3 d6 6. Be2 e4 7. Nd4 Nxd4 8. exd4 Bf6 9. Nxf6+ Qxf6 10. d5 Qg6 11. g3 Bh3 12. d4 Nf6 13. Qa4+ Nd7 14. Qb3 Rb8 15. Rg1 Bg4 16. Qe3 Bxe2 17. Qxe2 O-O 18. h4 f5 19. Bf4 Nf6 20. O-O-O b5 21. c5 Nxd5 22. h5 Qe6 23. Kb1 Rfe8 24. Bd2 b4 25. Ka1 a5 26. Rge1 Qf6 27. Qc4 Qf7 28. f4 Nf6 29. Qa6 Qd5 30. Be3 Red8 31. b3 Ra8 32. Qc4 Qxc4 33. bxc4 dxc5 34. dxc5 Nxh5 35. g4 fxg4 36. Rd5 Nf6 37. Rg5 Rd3 38. Kb2 Rad8 39. Bg1 a4 40. c6 Rd2+ 0-1

[Event "CAN-op"]
[Site "Edmonton CAN"]
[Date "2005.07.16"]
[Round "9"]
[White "Pradzinski, Stephanie"]
[Black "Meller, Jeremy"]
[Result "0-1"]
[WhiteElo "867"]
[BlackElo "1143"]
[PlyCount "62"]
[GameId "2160767910902153"]
[EventDate "2005.07.09"]
[EventType "swiss"]
[EventRounds "10"]
[EventCountry "CAN"]
[SourceTitle "CBM 107 Extra"]
[Source "ChessBase"]
[SourceDate "2005.09.01"]
[SourceVersion "1"]
[SourceVersionDate "2005.09.01"]
[SourceQuality "1"]

1. e4 c5 2. d3 e5 3. Nf3 Nc6 4. Be3 d5 5. Nbd2 dxe4 6. dxe4 Nd4 7. c3 Nxf3+ 8. gxf3 g6 9. Bg2 Bh6 10. O-O Bxe3 11. fxe3 Nf6 12. b4 b6 13. Nc4 Ba6 14. b5 Bxb5 15. Qb3 Bxc4 16. Qxc4 O-O 17. Rad1 Qc7 18. Rde1 a6 19. Qb3 b5 20. Qd1 Rfd8 21. Qc1 a5 22. Rd1 Rxd1 23. Rxd1 Rd8 24. Rd2 Rxd2 25. Qxd2 b4 26. cxb4 cxb4 27. a4 b3 28. f4 Qc2 29. Qf2 Nxe4 30. Bxe4 Qxe4 31. h4 h5 0-1

[Event "CAN-op"]
[Site "Edmonton CAN"]
[Date "2005.07.16"]
[Round "9"]
[White "Rajski, Piotr"]
[Black "Nikouline, Alexandre"]
[Result "0-1"]
[WhiteElo "1746"]
[BlackElo "1947"]
[PlyCount "78"]
[GameId "2160767910902154"]
[EventDate "2005.07.09"]
[EventType "swiss"]
[EventRounds "10"]
[EventCountry "CAN"]
[SourceTitle "CBM 107 Extra"]
[Source "ChessBase"]
[SourceDate "2005.09.01"]
[SourceVersion "1"]
[SourceVersionDate "2005.09.01"]
[SourceQuality "1"]

1. e4 c5 2. Nf3 Nc6 3. d4 cxd4 4. Nxd4 Nf6 5. Nc3 e5 6. Ndb5 d6 7. Nd5 Nxd5 8. exd5 Nb8 9. c4 Be7 10. Be3 Bd7 11. Nc3 Na6 12. Be2 O-O 13. O-O f5 14. f4 Bf6 15. Qd2 Rc8 16. Rab1 b6 17. b4 Nb8 18. a4 Qe7 19. Rfe1 Be8 20. a5 Nd7 21. Nb5 exf4 22. Bxf4 Ne5 23. Nd4 Bd7 24. axb6 axb6 25. b5 g5 26. Bg3 Qg7 27. Rec1 f4 28. Bf2 g4 29. Ne6 Bxe6 30. dxe6 f3 31. Bf1 fxg2 32. Kxg2 Nf3 33. Qxd6 Be5 34. Qd5 Rcd8 35. Qe4 Nd2 36. Qe2 Qb7+ 37. Kg1 Rf6 38. Bg2 Nf3+ 39. Kh1 Qg7 0-1

[Event "CAN-op"]
[Site "Edmonton CAN"]
[Date "2005.07.16"]
[Round "9"]
[White "Raymer, Elliot"]
[Black "Chi, Jonathan"]
[Result "0-1"]
[WhiteElo "1574"]
[BlackElo "1744"]
[PlyCount "140"]
[GameId "2160767910902155"]
[EventDate "2005.07.09"]
[EventType "swiss"]
[EventRounds "10"]
[EventCountry "CAN"]
[SourceTitle "CBM 107 Extra"]
[Source "ChessBase"]
[SourceDate "2005.09.01"]
[SourceVersion "1"]
[SourceVersionDate "2005.09.01"]
[SourceQuality "1"]

1. e4 c5 2. d4 cxd4 3. c3 dxc3 4. Nxc3 Nc6 5. Nf3 d6 6. Bc4 g6 7. Bg5 Bg7 8. Qb3 Be6 9. Bxe6 fxe6 10. Qxe6 Qc8 11. Qb3 Nf6 12. Bxf6 Bxf6 13. Nd5 Qd7 14. O-O O-O-O 15. Rac1 Kb8 16. Rc2 Bg7 17. Nf4 Rc8 18. Rfc1 Bh6 19. Qf7 Rcf8 20. Qe6 Qxe6 21. Nxe6 Rf6 22. Neg5 e5 23. Rd1 Bxg5 24. Nxg5 Nd4 25. Rcd2 h6 26. Nf3 Rxf3 27. Rxd4 exd4 28. gxf3 Kc7 29. Rxd4 Rf8 30. Kg2 b5 31. Rd1 a6 32. Kg3 b4 33. Rd4 Rb8 34. b3 Rb5 35. Rd5 Rb8 36. f4 Kc6 37. Rd4 Rb5 38. Rc4+ Kd7 39. h4 a5 40. f3 h5 41. Rc1 Rc5 42. Rg1 Rc2 43. Rg2 Rc3 44. Rd2 Ke6 45. f5+ gxf5 46. exf5+ Ke5 47. f6 Rc7 48. Rd1 Rf7 49. f4+ Ke6 50. f5+ Ke5 51. Rg1 Rxf6 52. Kh3 Rxf5 53. Rg8 Ke4 54. Kg3 d5 55. Rd8 d4 56. Rd7 d3 57. Rd8 Rd5 58. Re8+ Kd4 59. Kf2 Kc3 60. Ke1 d2+ 61. Kd1 Kb2 62. Re2 Kxa2 63. Rxd2+ Rxd2+ 64. Kxd2 Kxb3 65. Ke3 Kc2 66. Kf4 b3 67. Kg5 b2 68. Kxh5 b1=Q 69. Kh6 Qb6+ 70. Kh7 a4 0-1

[Event "CAN-op"]
[Site "Edmonton CAN"]
[Date "2005.07.16"]
[Round "9"]
[White "Reeve, Jeff"]
[Black "Zaczek, Jonathon"]
[Result "1-0"]
[WhiteElo "2364"]
[BlackElo "2017"]
[PlyCount "63"]
[GameId "2160767910902156"]
[EventDate "2005.07.09"]
[EventType "swiss"]
[EventRounds "10"]
[EventCountry "CAN"]
[SourceTitle "CBM 107 Extra"]
[Source "ChessBase"]
[SourceDate "2005.09.01"]
[SourceVersion "1"]
[SourceVersionDate "2005.09.01"]
[SourceQuality "1"]

1. e4 c5 2. Nf3 d6 3. d4 cxd4 4. Nxd4 Nf6 5. Nc3 a6 6. Bg5 e6 7. f4 b5 8. e5 dxe5 9. fxe5 Qc7 10. exf6 Qe5+ 11. Be2 Qxg5 12. O-O Qe5 13. Nf3 Qe3+ 14. Kh1 Ra7 15. Qe1 Nd7 16. Rd1 gxf6 17. Nd4 h5 18. Rxf6 Qe5 19. Rf5 exf5 20. Nc6 Qe6 21. Nxa7 Bb7 22. Bf3 Bxf3 23. gxf3 Bc5 24. Nd5 Kf8 25. Qxe6 fxe6 26. Nc7 Bxa7 27. Rxd7 Rh6 28. Nxa6 Be3 29. Kg2 Rg6+ 30. Kh3 e5 31. Nb4 Rg1 32. Rd5 1-0

[Event "CAN-op"]
[Site "Edmonton CAN"]
[Date "2005.07.16"]
[Round "9"]
[White "Roberts, Richard"]
[Black "Dean, Earl"]
[Result "1-0"]
[WhiteElo "1533"]
[BlackElo "1296"]
[PlyCount "51"]
[GameId "2160767910902157"]
[EventDate "2005.07.09"]
[EventType "swiss"]
[EventRounds "10"]
[EventCountry "CAN"]
[SourceTitle "CBM 107 Extra"]
[Source "ChessBase"]
[SourceDate "2005.09.01"]
[SourceVersion "1"]
[SourceVersionDate "2005.09.01"]
[SourceQuality "1"]

1. d4 d5 2. c4 Nf6 3. Nc3 e6 4. a3 Bd6 5. Nf3 O-O 6. Bg5 dxc4 7. e4 Be7 8. Bxc4 c6 9. O-O b5 10. Bxf6 Bxf6 11. e5 bxc4 12. exf6 Qxf6 13. Ne4 Qf4 14. Qc2 Ba6 15. Neg5 g6 16. Rfe1 Nd7 17. Re4 Qd6 18. Nxh7 Kxh7 19. Rh4+ Kg7 20. Re1 Rh8 21. Ree4 Nf6 22. Ref4 Nh5 23. Rxf7+ Kxf7 24. Ne5+ Kg8 25. Qxg6+ Ng7 26. Qf7# 1-0

[Event "CAN-op"]
[Site "Edmonton CAN"]
[Date "2005.07.16"]
[Round "9"]
[White "Ross, Malcolm"]
[Black "Harrop, Breagan"]
[Result "0-1"]
[WhiteElo "1251"]
[BlackElo "1568"]
[PlyCount "84"]
[GameId "2160767910902158"]
[EventDate "2005.07.09"]
[EventType "swiss"]
[EventRounds "10"]
[EventCountry "CAN"]
[SourceTitle "CBM 107 Extra"]
[Source "ChessBase"]
[SourceDate "2005.09.01"]
[SourceVersion "1"]
[SourceVersionDate "2005.09.01"]
[SourceQuality "1"]

1. c4 c6 2. d4 d5 3. Nf3 Nf6 4. Bg5 e6 5. e3 Be7 6. Nc3 Qb6 7. Qc2 Nbd7 8. c5 Qc7 9. Bd3 e5 10. Bf5 e4 11. Bf4 Qd8 12. Nd2 Nh5 13. Bg3 Nxg3 14. hxg3 g6 15. Bg4 Nf6 16. Bh3 Qc7 17. Ne2 b6 18. Nb3 Ba6 19. Rc1 Bd3 20. Qc3 Bc4 21. Nd2 Bxe2 22. Kxe2 b5 23. Nb3 a5 24. a3 O-O 25. Nd2 Rfb8 26. b4 Bd8 27. Ra1 h5 28. f4 exf3+ 29. Kxf3 Nh7 30. Kf2 f5 31. Qd3 Qf7 32. Nf3 Nf6 33. Ne5 Ne4+ 34. Kf3 Qf6 35. Nd7 Qg5 36. Nxb8 Qxg3+ 37. Ke2 Qf2+ 38. Kd1 Qb2 39. Ke1 Qxa1+ 40. Qd1 Qc3+ 41. Ke2 Qb2+ 42. Kf3 Qf2# 0-1

[Event "CAN-op"]
[Site "Edmonton CAN"]
[Date "2005.07.16"]
[Round "9"]
[White "Seehagen, Terry"]
[Black "MacFarlane, Donald"]
[Result "0-1"]
[WhiteElo "1608"]
[BlackElo "1479"]
[PlyCount "31"]
[GameId "2160767910902160"]
[EventDate "2005.07.09"]
[EventType "swiss"]
[EventRounds "10"]
[EventCountry "CAN"]
[SourceTitle "CBM 107 Extra"]
[Source "ChessBase"]
[SourceDate "2005.09.01"]
[SourceVersion "1"]
[SourceVersionDate "2005.09.01"]
[SourceQuality "1"]

1. d4 Nf6 2. Nf3 g6 3. Bg5 Bg7 4. Nbd2 d6 5. e4 O-O 6. Bc4 c6 7. e5 dxe5 8. dxe5 Nd5 9. a3 Nd7 10. Qe2 h6 11. h4 hxg5 12. hxg5 Nf4 13. Qe4 Nd5 14. Qh4 f5 15. Bxd5+ cxd5 16. e6 0-1

[Event "CAN-op"]
[Site "Edmonton CAN"]
[Date "2005.07.16"]
[Round "9"]
[White "Sladek, Vaclav"]
[Black "Escandor, Manuel Omana"]
[Result "1-0"]
[WhiteElo "2047"]
[BlackElo "1787"]
[PlyCount "147"]
[GameId "2160767910902162"]
[EventDate "2005.07.09"]
[EventType "swiss"]
[EventRounds "10"]
[EventCountry "CAN"]
[SourceTitle "EXT 2022"]
[Source "ChessBase"]
[SourceDate "2021.10.06"]
[SourceVersion "1"]
[SourceVersionDate "2021.10.06"]
[SourceQuality "1"]

1. d4 d5 2. c4 dxc4 3. Nf3 g6 4. e3 Bg7 5. Bxc4 Nf6 6. O-O O-O 7. Nc3 a6 8. a4 Nc6 9. Qe2 Bg4 10. Rd1 Nb4 11. h3 Bc8 12. e4 b6 13. Bf4 Bb7 14. Rac1 Nh5 15. Bh2 Bh6 16. Rb1 c6 17. Ne5 e6 18. Ng4 Bg7 19. Be5 Qe7 20. Bxg7 Kxg7 21. Qe3 g5 22. e5 h6 23. Ne4 c5 24. Ngf6 Nf4 25. Rbc1 Bd5 26. g3 Nxh3+ 27. Kh2 g4 28. Nh5+ Kg6 29. Nef6 Bf3 30. Bd3+ Nxd3 31. Qxd3+ Kg5 32. Nh7+ Kxh5 33. Nf6+ Kg5 34. Nh7+ Kh5 35. Nf6+ Kg5 36. Qd2+ Kg6 37. Qc2+ Kg5 38. Nh7+ Kh5 39. Nf6+ Kg5 40. Qd2+ Kg6 41. Qc2+ Kg5 42. Rd3 Qb7 43. d5 Bxd5 44. Nh7+ Kh5 45. Nf6+ Kg5 46. Rxd5 Rh8 47. f4+ gxf3 48. Ne4+ Kh5 49. Kxh3 f5 50. exf6+ Qxd5 51. g4+ Kg6 52. Nc3+ Kxf6 53. Nxd5+ exd5 54. Qf5+ Kg7 55. Qd7+ Kg6 56. Re1 Raf8 57. Re6+ Rf6 58. Rxf6+ Kxf6 59. Qxd5 Rf8 60. Qxf3+ Kg7 61. Qc3+ Rf6 62. a5 b5 63. Qxc5 Kg6 64. Kh4 Kf7 65. Kh5 Re6 66. Qd5 Ke7 67. b4 Rf6 68. Qb7+ Ke8 69. Qg7 Re6 70. Kh4 Rd6 71. Kg3 Re6 72. Kf4 Rc6 73. Ke5 Kd8 74. Kd5 1-0

[Event "CAN-op"]
[Site "Edmonton CAN"]
[Date "2005.07.16"]
[Round "9"]
[White "Sorgard, Graham"]
[Black "Mrugala, David"]
[Result "0-1"]
[WhiteElo "1870"]
[BlackElo "1627"]
[PlyCount "102"]
[GameId "2160767910902163"]
[EventDate "2005.07.09"]
[EventType "swiss"]
[EventRounds "10"]
[EventCountry "CAN"]
[SourceTitle "CBM 107 Extra"]
[Source "ChessBase"]
[SourceDate "2005.09.01"]
[SourceVersion "1"]
[SourceVersionDate "2005.09.01"]
[SourceQuality "1"]

1. e4 c6 2. d4 d5 3. exd5 cxd5 4. c4 Nf6 5. Nc3 e6 6. Nf3 Nc6 7. Bd3 Be7 8. O-O O-O 9. c5 Bd7 10. a3 a5 11. Rb1 Qc7 12. Re1 b6 13. b4 bxc5 14. bxc5 Rfb8 15. Bg5 Ne8 16. Nxd5 exd5 17. Bxe7 f6 18. Nh4 Qf4 19. Qh5 Nxe7 20. Rxb8 Rxb8 21. Rxe7 Rb1+ 22. Bf1 Rxf1+ 23. Kxf1 Qc1+ 24. Re1 Bb5+ 25. Qe2 Bxe2+ 26. Kxe2 Qc4+ 27. Kf3 Kf7 28. Nf5 Qd3+ 29. Ne3 Qxd4 30. Rd1 Qxc5 31. Rxd5 Qxa3 32. g4 Qa4 33. h4 Nc7 34. Rd3 Ne6 35. Nd5 Qc4 36. Rd2 a4 37. Ne3 Qc6+ 38. Kg3 a3 39. Rc2 Qd6+ 40. Kg2 Nf4+ 41. Kf3 Ne6 42. Kg2 Qf4 43. Rc4 Qd6 44. Rc2 h5 45. f3 Nf4+ 46. Kf2 hxg4 47. fxg4 Nd3+ 48. Ke2 Ne5 49. Kf2 Qb6 50. Ke2 Qa6+ 51. Kf2 a2 0-1

[Event "CAN-op"]
[Site "Edmonton CAN"]
[Date "2005.07.16"]
[Round "9"]
[White "Stark, Mark"]
[Black "Nguyen, Kim"]
[Result "0-1"]
[WhiteElo "1832"]
[BlackElo "2060"]
[PlyCount "102"]
[GameId "2160767910902164"]
[EventDate "2005.07.09"]
[EventType "swiss"]
[EventRounds "10"]
[EventCountry "CAN"]
[SourceTitle "CBM 107 Extra"]
[Source "ChessBase"]
[SourceDate "2005.09.01"]
[SourceVersion "1"]
[SourceVersionDate "2005.09.01"]
[SourceQuality "1"]

1. d4 Nf6 2. g3 g6 3. Bg2 Bg7 4. Nf3 O-O 5. O-O d6 6. c4 Nbd7 7. Nc3 e5 8. e4 exd4 9. Nxd4 Re8 10. Bg5 h6 11. Be3 Nc5 12. f3 c6 13. Qd2 Kh7 14. Rad1 Qe7 15. Nb3 Nxb3 16. axb3 d5 17. Qf2 dxe4 18. Nxe4 b6 19. Nxf6+ Bxf6 20. Bd4 Bxd4 21. Qxd4 c5 22. Qf2 Bb7 23. Rfe1 Qc7 24. f4 Bxg2 25. Kxg2 Rxe1 26. Rxe1 Rd8 27. f5 Qc6+ 28. Kg1 Qd6 29. fxg6+ Kxg6 30. Qc2+ Qd3 31. Qg2 Rd6 32. Qh3 h5 33. Rf1 Re6 34. Qg2 Re4 35. Qh3 Re2 36. Qh4 f5 37. Qf4 Qe3+ 38. Rf2 Qxf4 39. Rxf4 Rxb2 40. Rf3 Kf6 41. h3 Kg5 42. Rd3 h4 43. gxh4+ Kxh4 44. Rf3 a5 45. Kf1 Kg5 46. Ke1 f4 47. Kd1 Kf5 48. Ke1 Ke4 49. Rc3 Rh2 50. Kf1 f3 51. Kg1 Rxh3 0-1

[Event "CAN-op"]
[Site "Edmonton CAN"]
[Date "2005.07.16"]
[Round "9"]
[White "Steer, David"]
[Black "Haley, Phil"]
[Result "0-1"]
[WhiteElo "1532"]
[BlackElo "1772"]
[PlyCount "28"]
[GameId "2160767910902165"]
[EventDate "2005.07.09"]
[EventType "swiss"]
[EventRounds "10"]
[EventCountry "CAN"]
[SourceTitle "CBM 107 Extra"]
[Source "ChessBase"]
[SourceDate "2005.09.01"]
[SourceVersion "1"]
[SourceVersionDate "2005.09.01"]
[SourceQuality "1"]

1. e4 d6 2. d4 Nf6 3. Nc3 c6 4. f4 Qa5 5. Qd3 b5 6. e5 Nd5 7. Bd2 Nb4 8. Qf3 Nxc2+ 9. Kd1 Nxa1 10. Bd3 Qd8 11. Nxb5 d5 12. Nc3 e6 13. Nh3 Ba6 14. Ke2 Nc2 0-1

[Event "CAN-op"]
[Site "Edmonton CAN"]
[Date "2005.07.16"]
[Round "9"]
[White "Steininger, Gavin"]
[Black "Pechenkin, Vladimir"]
[Result "0-1"]
[WhiteElo "2011"]
[BlackElo "2263"]
[PlyCount "56"]
[GameId "2160767910902166"]
[EventDate "2005.07.09"]
[EventType "swiss"]
[EventRounds "10"]
[EventCountry "CAN"]
[SourceTitle "CBM 107 Extra"]
[Source "ChessBase"]
[SourceDate "2005.09.01"]
[SourceVersion "1"]
[SourceVersionDate "2005.09.01"]
[SourceQuality "1"]

1. e4 d5 2. exd5 Nf6 3. d4 Nxd5 4. c4 Nb6 5. Nc3 e5 6. Be3 exd4 7. Qxd4 Qxd4 8. Bxd4 Nc6 9. Bxb6 axb6 10. O-O-O Bd7 11. Nb5 O-O-O 12. Ne2 g6 13. g3 Ne5 14. Nec3 Ng4 15. Bh3 f5 16. Bxg4 fxg4 17. Nd5 Bxb5 18. cxb5 Bh6+ 19. Kc2 Rdf8 20. Rhf1 Bg5 21. Nc3 Rf5 22. a4 Rhf8 23. Ne4 Be3 24. Kd3 Bxf2 25. Ke2 Re8 26. Rxf2 Rxe4+ 27. Kf1 Rxf2+ 28. Kxf2 Rxa4 0-1

[Event "CAN-op"]
[Site "Edmonton CAN"]
[Date "2005.07.16"]
[Round "9"]
[White "Thomas, Bruce"]
[Black "Dougherty, Michael"]
[Result "0-1"]
[WhiteElo "1795"]
[BlackElo "2332"]
[PlyCount "38"]
[GameId "2160767910902167"]
[EventDate "2005.07.09"]
[EventType "swiss"]
[EventRounds "10"]
[EventCountry "CAN"]
[SourceTitle "CBM 107 Extra"]
[Source "ChessBase"]
[SourceDate "2005.09.01"]
[SourceVersion "1"]
[SourceVersionDate "2005.09.01"]
[SourceQuality "1"]

1. c4 e6 2. e4 c5 3. Nc3 Nc6 4. g3 g6 5. Bg2 Bg7 6. Nge2 Nge7 7. O-O O-O 8. d3 a6 9. Be3 Nd4 10. Rb1 Nec6 11. Qd2 b5 12. b3 Rb8 13. f4 Bb7 14. cxb5 axb5 15. e5 f5 16. Bxc6 dxc6 17. Bxd4 cxd4 18. Nd1 c5 19. Nf2 Qd5 0-1

[Event "CAN-op"]
[Site "Edmonton CAN"]
[Date "2005.07.16"]
[Round "9"]
[White "Thomson, Bruce"]
[Black "Klein, Gernot"]
[Result "1-0"]
[WhiteElo "1676"]
[BlackElo "2023"]
[PlyCount "113"]
[GameId "2160767910902168"]
[EventDate "2005.07.09"]
[EventType "swiss"]
[EventRounds "10"]
[EventCountry "CAN"]
[SourceTitle "CBM 107 Extra"]
[Source "ChessBase"]
[SourceDate "2005.09.01"]
[SourceVersion "1"]
[SourceVersionDate "2005.09.01"]
[SourceQuality "1"]

1. Nf3 d5 2. g3 c6 3. Bg2 Bg4 4. d3 Nf6 5. b3 e6 6. Bb2 Be7 7. O-O O-O 8. Nbd2 Re8 9. c4 Nbd7 10. cxd5 exd5 11. a3 Bd6 12. Re1 h6 13. Qc2 Rc8 14. e4 Qb6 15. e5 Bxf3 16. Nxf3 Nxe5 17. Nxe5 a5 18. Re2 Bxe5 19. Rxe5 Rxe5 20. Bxe5 Ng4 21. Bd6 Re8 22. Bc5 Qd8 23. h3 Qf6 24. Rf1 Ne5 25. Bd4 Nf3+ 26. Bxf3 Qxd4 27. Qd2 b6 28. Kg2 Kf8 29. Rc1 c5 30. Qf4 Qxf4 31. gxf4 d4 32. b4 axb4 33. axb4 cxb4 34. Rc4 Re6 35. Rxb4 Rd6 36. Rb5 Ke7 37. f5 Kd7 38. Be4 Kc7 39. Kf3 Rd8 40. h4 Rd6 41. Kf4 f6 42. Kg4 Kb8 43. Kh5 Ka7 44. Rd5 g6+ 45. fxg6 Re6 46. g7 Re8 47. Kxh6 Ka6 48. Kh7 Re7 49. Kh8 f5 50. g8=Q fxe4 51. Qa8+ Ra7 52. Qxa7+ Kxa7 53. Rxd4 exd3 54. Rxd3 b5 55. f4 Kb6 56. f5 b4 57. f6 1-0

[Event "CAN-op"]
[Site "Edmonton CAN"]
[Date "2005.07.16"]
[Round "9"]
[White "Tomaras, Ioannis"]
[Black "Geley, Shawn"]
[Result "0-1"]
[WhiteElo "1680"]
[BlackElo "1522"]
[PlyCount "118"]
[GameId "2160767910902169"]
[EventDate "2005.07.09"]
[EventType "swiss"]
[EventRounds "10"]
[EventCountry "CAN"]
[SourceTitle "CBM 107 Extra"]
[Source "ChessBase"]
[SourceDate "2005.09.01"]
[SourceVersion "1"]
[SourceVersionDate "2005.09.01"]
[SourceQuality "1"]

1. e4 e5 2. f4 Bc5 3. Nf3 d6 4. Bc4 Nc6 5. d3 Nf6 6. c3 Bg4 7. h3 Bxf3 8. Qxf3 Na5 9. Bb5+ Nc6 10. fxe5 dxe5 11. Qg3 Qd6 12. Be3 O-O-O 13. O-O Bxe3+ 14. Qxe3 Kb8 15. Na3 Rhe8 16. Bc4 Qe7 17. b4 Ka8 18. Nb5 Rf8 19. a4 h6 20. a5 a6 21. Na3 Nb8 22. b5 c6 23. bxa6 bxa6 24. Rfb1 Qa7 25. Qxa7+ Kxa7 26. Rb2 Ne8 27. Rd1 Nd6 28. Bb3 Nd7 29. Ba2 Nc5 30. Rbd2 f5 31. exf5 Rxf5 32. Bb1 Na4 33. c4 Nc3 34. Rf1 Nxb1 35. Nxb1 Rxf1+ 36. Kxf1 Nb7 37. Re2 Nxa5 38. Re3 Nb3 39. Rf3 Nc5 40. Rf7+ Kb6 41. Rxg7 Rxd3 42. Ke2 Rd6 43. Nc3 Re6 44. g4 a5 45. h4 a4 46. g5 hxg5 47. hxg5 Re8 48. Ke3 a3 49. g6 Ne6 50. Rf7 Rg8 51. Rf6 Nf4 52. Nd5+ Kc5 53. Ne7 Rc8 54. Nxc8 a2 55. g7 a1=Q 56. g8=Q Qe1+ 57. Kf3 Qe2+ 58. Kg3 Qg2+ 59. Kh4 Qxg8 0-1

[Event "CAN-op"]
[Site "Edmonton CAN"]
[Date "2005.07.16"]
[Round "9"]
[White "Tomaras, Pavlos"]
[Black "Klein, Felix"]
[Result "0-1"]
[WhiteElo "1886"]
[BlackElo "2123"]
[PlyCount "82"]
[GameId "2160767910902170"]
[EventDate "2005.07.09"]
[EventType "swiss"]
[EventRounds "10"]
[EventCountry "CAN"]
[SourceTitle "CBM 107 Extra"]
[Source "ChessBase"]
[SourceDate "2005.09.01"]
[SourceVersion "1"]
[SourceVersionDate "2005.09.01"]
[SourceQuality "1"]

1. e4 c5 2. d4 cxd4 3. c3 dxc3 4. Nxc3 e6 5. Nf3 Nc6 6. Bc4 a6 7. O-O Nge7 8. Qe2 Ng6 9. Rd1 Be7 10. Be3 b5 11. Bb3 O-O 12. Rac1 Bb7 13. Rd2 Qc7 14. Nd5 exd5 15. exd5 Bb4 16. Rdc2 Nf4 17. Qd1 Rad8 18. Ng5 Qe5 19. Nxf7 Rxf7 20. dxc6 Bxc6 21. Bxf7+ Kxf7 22. Rxc6 dxc6 23. Qxd8 Ne2+ 24. Kf1 Nxc1 25. Qd7+ Kg8 26. Qd8+ Bf8 27. Bxc1 Qxh2 28. Be3 Qh1+ 29. Ke2 Qxg2 30. Qc8 Qe4 31. b3 a5 32. f3 Qd5 33. Bd2 a4 34. bxa4 bxa4 35. a3 c5 36. Qe8 Qc4+ 37. Kf2 Qa2 38. Qe3 Qb3 39. Qxb3+ axb3 40. Bc3 c4 41. Ke3 Bxa3 0-1

[Event "CAN-op"]
[Site "Edmonton CAN"]
[Date "2005.07.16"]
[Round "9"]
[White "Trandafir, Stefan"]
[Black "Hughey, Micah"]
[Result "1/2-1/2"]
[WhiteElo "1731"]
[BlackElo "2027"]
[PlyCount "28"]
[GameId "2160767910902171"]
[EventDate "2005.07.09"]
[EventType "swiss"]
[EventRounds "10"]
[EventCountry "CAN"]
[SourceTitle "CBM 107 Extra"]
[Source "ChessBase"]
[SourceDate "2005.09.01"]
[SourceVersion "1"]
[SourceVersionDate "2005.09.01"]
[SourceQuality "1"]

1. d4 d5 2. Nf3 c5 3. e3 Nf6 4. c3 e6 5. Bd3 Nbd7 6. Nbd2 Be7 7. O-O O-O 8. e4 dxe4 9. Nxe4 b6 10. Re1 Bb7 11. Qc2 Qc7 12. Ng3 Rfe8 13. Bg5 h6 14. Bxf6 Bxf6 1/2-1/2

[Event "CAN-op"]
[Site "Edmonton CAN"]
[Date "2005.07.16"]
[Round "9"]
[White "Tyomkin, Dimitri"]
[Black "Swathi, Ghate"]
[Result "1-0"]
[WhiteElo "2549"]
[BlackElo "2281"]
[PlyCount "47"]
[GameId "2160767910902172"]
[EventDate "2005.07.09"]
[EventType "swiss"]
[EventRounds "10"]
[EventCountry "CAN"]

1. e4 c5 2. Nf3 e6 3. d4 cxd4 4. Nxd4 Nc6 5. Nc3 Qc7 6. Be2 a6 7. O-O Nf6 8. a4 b6 9. Nxc6 dxc6 10. f4 Bb4 11. e5 Bxc3 12. bxc3 Nd5 13. Qe1 a5 14. Qg3 g6 15. Bb2 h5 16. Rad1 h4 17. Qf2 h3 18. g4 Bd7 19. c4 Ne7 20. c5 b5 21. Rd6 Rb8 22. Rfd1 Nd5 23. axb5 cxb5 24. R1xd5 1-0

[Event "CAN-op"]
[Site "Edmonton CAN"]
[Date "2005.07.16"]
[Round "9"]
[White "Vincent, Trevor"]
[Black "Fokkema, Jerred"]
[Result "1-0"]
[WhiteElo "2000"]
[BlackElo "1773"]
[PlyCount "97"]
[GameId "2160767910902174"]
[EventDate "2005.07.09"]
[EventType "swiss"]
[EventRounds "10"]
[EventCountry "CAN"]
[SourceTitle "CBM 107 Extra"]
[Source "ChessBase"]
[SourceDate "2005.09.01"]
[SourceVersion "1"]
[SourceVersionDate "2005.09.01"]
[SourceQuality "1"]

1. c4 e6 2. g3 d5 3. Bg2 Nf6 4. Nf3 c5 5. cxd5 exd5 6. d4 Nc6 7. O-O Bd6 8. dxc5 Bxc5 9. Bg5 Be6 10. Qc2 Be7 11. Nc3 O-O 12. Rfd1 h6 13. Be3 a6 14. Rac1 Rc8 15. Qa4 Nb4 16. Nd4 b5 17. Qb3 Nc6 18. Nxc6 Rxc6 19. Nxd5 Rxc1 20. Bxc1 Bc5 21. e4 Kh8 22. Be3 Bxe3 23. Qxe3 Re8 24. Qa3 a5 25. Qc5 b4 26. Bf3 Nd7 27. Qc7 Qxc7 28. Nxc7 Re7 29. Nxe6 fxe6 30. Be2 Kg8 31. Rd6 Nc5 32. e5 Na4 33. Rd2 Kf7 34. f4 Rc7 35. Kf2 Nc5 36. Ke3 Ke7 37. b3 a4 38. Rc2 axb3 39. axb3 Kd7 40. Bc4 Ra7 41. Kd4 Nb7 42. Bb5+ Kd8 43. Kc4 Ke7 44. Kxb4 Nd8 45. Rd2 Rb7 46. Kc5 Rc7+ 47. Kb6 Rb7+ 48. Ka6 Rc7 49. b4 1-0

[Event "CAN-op"]
[Site "Edmonton CAN"]
[Date "2005.07.16"]
[Round "9"]
[White "Walker, Adrian1"]
[Black "Me, Kevin"]
[Result "0-1"]
[WhiteElo "1559"]
[BlackElo "1737"]
[PlyCount "112"]
[GameId "2160767910902175"]
[EventDate "2005.07.09"]
[EventType "swiss"]
[EventRounds "10"]
[EventCountry "CAN"]
[SourceTitle "CBM 107 Extra"]
[Source "ChessBase"]
[SourceDate "2005.09.01"]
[SourceVersion "1"]
[SourceVersionDate "2005.09.01"]
[SourceQuality "1"]

1. e4 c5 2. Nf3 d6 3. d4 cxd4 4. Nxd4 Nf6 5. Nc3 a6 6. Be2 e5 7. Nb3 Be6 8. Be3 Nbd7 9. O-O b5 10. Nd2 Nb6 11. f4 Qc7 12. Bf3 b4 13. Ne2 Bc4 14. Kh1 Rc8 15. b3 Bb5 16. Rc1 Nbd7 17. c4 bxc3 18. Rxc3 Qb7 19. Rxc8+ Qxc8 20. Qc1 Qb7 21. Qc2 Be7 22. Rc1 O-O 23. Ng3 exf4 24. e5 Nd5 25. Bxf4 Nxe5 26. Bxe5 dxe5 27. Qe4 Ba3 28. Rc2 Bc6 29. Qc4 Nb4 30. Bxc6 Qb6 31. Rc3 Rc8 32. Rf3 Qa7 33. Rxf7 Qxf7 34. Bd5 Rxc4 35. Bxf7+ Kxf7 36. Nxc4 Bc1 37. a4 Ke6 38. Kg1 Kd5 39. Kf1 Nc2 40. Ne2 Bh6 41. Nc3+ Kd4 42. Ne2+ Kd5 43. Nc3+ Ke6 44. Nb1 Ne3+ 45. Nxe3 Bxe3 46. Ke2 Bd4 47. Kd3 Kd5 48. Nd2 Kc5 49. Kc2 h6 50. Ne4+ Kb4 51. Nd6 g6 52. Ne4 a5 53. Nd6 h5 54. Ne4 Be3 55. Nf6 Bf4 56. Ne4 Bxh2 0-1